Fantasy Authors - Statistics

General Stats
  • This quiz has been taken 153 times
    152 since last reset
  • The average score is 18 of 35
Answer Stats
Hint Answer % Correct
The Chronicles of Narnia C.S. Lewis
98%
Harry Potter and the Sorcerer's Stone J.K. Rowling
98%
The Lord of the Rings J.R.R. Tolkien
98%
A Game of Thrones George R.R. Martin
93%
The Dark Tower Stephen King
84%
Discworld Terry Pratchett
81%
The Golden Compass Philip Pullman
80%
American Gods Neil Gaiman
78%
The Wheel of Time Robert Jordan
73%
A Wizard of Earthsea Ursula K. Le Guin
73%
The Call of Cthulhu H.P. Lovecraft
66%
The Sword of Shannara Terry Brooks
63%
The Name of the Wind Patrick Rothfuss
60%
The Belgariad David Eddings
57%
Mistborn: the Final Empire Brandon Sanderson
52%
A Wrinkle in Time Madeline L'Engle
52%
The Dresden Files Jim Butcher
40%
The Mists of Avalon Marion Zimmer Bradley
39%
Sword of Truth Terry Goodkind
39%
The Fifth Season N.K. Jemisin
38%
The Realm of the Elderlings Robin Hobb
37%
The Riftwar Cycle Raymond E. Feist
36%
Dragonflight Anne McCaffrey
34%
Conan the Barbarian Robert E. Howard
34%
The Black Company Glen Cook
32%
The Chronicles of Amber Roger Zelazny
32%
The Dark Elf Trilogy R.A. Salvatore
31%
Xanth series Piers Anthony
30%
Elric of Melniboné Michael Moorcock
29%
The Dying Earth Jack Vance
27%
Uprooted Naomi Novik
27%
The Shadow of the Torturer Gene Wolfe
24%
Heralds of Valdemar Mercedes Lackey
22%
The Song of the Lioness Tamora Pierce
22%
The Old Kingdom series Garth Nix
17%
No matching quizzes found
Score Distribution
Percent of People with Each Score
Percentile by Number Answered
Your Score History
You have not taken this quiz since the last reset